| Tag |
First Indicator |
Second Indicator |
Subfields |
| LEADER |
00000pam a2200000 a 4500 |
| 001 |
in00000077923 |
| 005 |
20151008055054.0 |
| 008 |
810610s1981 nyua b 00110 eng |
| 010 |
|
|
|a 81006543
|
| 020 |
|
|
|a 0831111372 :
|c $27.50 (est.)
|
| 035 |
|
|
|a (OCoLC)07576049
|
| 035 |
|
|
|9 AAJ2474AM
|
| 039 |
0 |
|
|a 2
|b 3
|c 3
|d 3
|e 3
|
| 040 |
|
|
|a DLC
|c DLC
|d TXA
|d UtOrBLW
|
| 049 |
|
|
|a TXAM
|c [1361611]
|
| 050 |
0 |
0 |
|a TP358
|b .H86
|
| 082 |
0 |
|
|a 662/.669
|2 19
|
| 100 |
1 |
|
|a Hunt, V. Daniel.
|
| 245 |
1 |
4 |
|a The gasohol handbook /
|c V. Daniel Hunt.
|
| 264 |
|
1 |
|a New York, N.Y. :
|b Industrial Press,
|c [1981]
|
| 264 |
|
4 |
|c ©1981
|
| 300 |
|
|
|a 580 pages :
|b illustrations ;
|c 24 cm.
|
| 336 |
|
|
|a text
|b txt
|2 rdacontent
|
| 337 |
|
|
|a unmediated
|b n
|2 rdamedia
|
| 338 |
|
|
|a volume
|b nc
|2 rdacarrier
|
| 500 |
|
|
|a Includes index.
|
| 504 |
|
|
|a Bibliography: pages 533-538.
|
| 650 |
|
0 |
|a Gasohol
|x Handbooks, manuals, etc.
|
| 999 |
|
|
|a MARS
|
| 999 |
f |
f |
|s f9d2820f-2d70-3bce-b545-c46a6286318a
|i 219e6471-1e2f-358e-b977-69072e2fadbf
|t 0
|
| 952 |
f |
f |
|p normal
|a Texas A&M University
|b College Station
|c Sterling C. Evans Library
|d Evans: Library Stacks
|t 0
|e TP358 .H86
|h Library of Congress classification
|i unmediated -- volume
|m A14821534516
|
| 998 |
f |
f |
|a TP358 .H86
|t 0
|l Evans: Library Stacks
|